000 00421nam a2200181Ia 4500
001 7346
005 20260306160448.0
008 260306t2013||||xx |||||||||||||| ||spa||
041 _aESP
082 _a338.521
_bR84
100 _aRosa Díaz, Isabel María
_eAUT
245 0 _aGestión de precios
260 _c2013
300 _a357 páginas :
_c24 cm.
650 _aGEN
654 _aCAN
942 _cLIB
_dJUS
_fJUS
_2ddc
_n
999 _c7346
_d7346